000 00959nam a22002177a 4500
005 20250421102032.0
008 250421b |||||||| |||| 00| 0 eng d
020 _a978-93-5775-181-0 (hbk)
037 _cTB
040 _aCRL
_cCRL
041 _2hin
_ahin
084 _aO152:gN5 R4
_qCRL
100 _aश्रीवास्तव, गरिमा
_9752511
245 _aहिन्दी नवजागरण:
_bइतिहास, गल्प और स्त्री-प्रश्न
260 _aनई दिल्ली, भारत:
_bवाणी प्रकाशन,
_c2024.
300 _a290पृ0
365 _b795.00
_cINR
650 _2हिन्दी साहित्य
942 _2CC
_cTB
_hO152:gN5 R4
_n0
999 _c1309229
_d1309229